000 01001nam2a2200205 4500
001 RU\NLR\PER_A\003155113_000910
005 20250624014328.0
035 _a(NLR Aleph) 012316335
090 _a11397264
_c11397264
100 _a20200817d2019 |||y0rusy50 ca
101 0 _arus
102 _aRU
200 0 _a2019, № 4 (66)
210 _d2019
_aБ. м.
461 0 _1001RU\NLR\INFOCOMM18\1000207505
_12001#$aСевер и рынок$eФормирование экон. порядка$eНауч.-информ. бюл.$fРос. акад. наук. Кольск. науч. центр, Ин-т экон. пробл.$v2019, № 4 (66)
_93043659
_cАпатиты
_d1998 -
_fРос. акад. наук. Кольск. науч. центр, Ин-т экон. пробл.
_nБ. и.
_oФормирование экон. порядка : Науч.-информ. бюл.
_tСевер и рынок
_x2220-802X
_v2019, № 4 (66)
852 _aNLR
_jП23/4436
942 _cISSUE
980 _aNB
980 _aRUSPER